<?xml version="1.0" encoding="UTF-8"?>
<record
    xmlns:xsi="http://www.w3.org/2001/XMLSchema-instance"
    xsi:schemaLocation="http://www.loc.gov/MARC21/slim http://www.loc.gov/standards/marcxml/schema/MARC21slim.xsd"
    xmlns="http://www.loc.gov/MARC21/slim">

  <leader>01391nam a2200205 a 4500</leader>
  <controlfield tag="001">000017181</controlfield>
  <controlfield tag="005">20200929165036.0</controlfield>
  <controlfield tag="008">110412s1943    dr a          000 0 spa d</controlfield>
  <datafield tag="040" ind1=" " ind2=" ">
    <subfield code="a">DO-SdBNP</subfield>
    <subfield code="b">spa</subfield>
    <subfield code="c">BNPHU</subfield>
  </datafield>
  <datafield tag="082" ind1=" " ind2=" ">
    <subfield code="a">917.293</subfield>
    <subfield code="b">F7279</subfield>
  </datafield>
  <datafield tag="100" ind1="1" ind2=" ">
    <subfield code="a">Forne Farreres, Jos&#xE9;.</subfield>
    <subfield code="9">37811</subfield>
  </datafield>
  <datafield tag="245" ind1="1" ind2="0">
    <subfield code="a">Paisaje y acento :</subfield>
    <subfield code="b">impresiones de un espa&#xF1;ol en la Rep&#xFA;blica Dominicana /</subfield>
    <subfield code="c">Jos&#xE9; Forn&#xE9; Farreres.</subfield>
  </datafield>
  <datafield tag="260" ind1=" " ind2=" ">
    <subfield code="a">Ciudad Trujillo :</subfield>
    <subfield code="b">Ediciones La Opini&#xF3;n,</subfield>
    <subfield code="c">1943.</subfield>
  </datafield>
  <datafield tag="300" ind1=" " ind2=" ">
    <subfield code="a">164 p. :</subfield>
    <subfield code="b">il. ;</subfield>
    <subfield code="c">23 cm.</subfield>
  </datafield>
  <datafield tag="590" ind1=" " ind2=" ">
    <subfield code="a">Perteneci&#xF3; a la biblioteca personal de Julio Ortega Frier y Rafael Andr&#xE9;s Ortega.</subfield>
  </datafield>
  <datafield tag="505" ind1="0" ind2=" ">
    <subfield code="a">En torno a esta obra y a esta actitud /</subfield>
    <subfield code="r">Pedro Mir --</subfield>
    <subfield code="t">Unas palabras /</subfield>
    <subfield code="r">Constancio Bernaldo de Quir&#xF3;z --</subfield>
    <subfield code="t">Nueva presencia de Espa&#xF1;a en Am&#xE9;rica --</subfield>
    <subfield code="t">Hig&#xFC;ey, archivo de cortes&#xED;a --</subfield>
    <subfield code="t">Mercados, calenturas de humanidad --</subfield>
    <subfield code="t">Las peleas de gallos, su persistencia en la Dominicana --</subfield>
    <subfield code="t">&#xA1;Friquit&#xED;n!, honduras de acento --</subfield>
    <subfield code="t">Baile de palos, fiesta pagana de luna y de campo --</subfield>
    <subfield code="t">Az&#xFA;car, tragedia y romance --</subfield>
    <subfield code="t">Gapeas y merengues --</subfield>
    <subfield code="t">G&#xFC;ibia, nocturnal en el tr&#xF3;pico --</subfield>
    <subfield code="t">Voudou, una noche con los &#xAB;endemoniados&#xBB; --</subfield>
    <subfield code="t">Ciudad Trujillo, ense&#xF1;anzas del pasado y un presente.</subfield>
  </datafield>
  <datafield tag="650" ind1=" " ind2="4">
    <subfield code="a">Viajeros espa&#xF1;oles</subfield>
    <subfield code="x">Correspondencia, memorias, etc.</subfield>
    <subfield code="9">37812</subfield>
  </datafield>
  <datafield tag="651" ind1=" " ind2="4">
    <subfield code="a">Rep&#xFA;blica Dominicana</subfield>
    <subfield code="x">Vida Social Y Costumbres</subfield>
    <subfield code="9">405</subfield>
  </datafield>
  <datafield tag="651" ind1=" " ind2="4">
    <subfield code="a">Rep&#xFA;blica Dominicana</subfield>
    <subfield code="x">Descripciones Y Viajes</subfield>
    <subfield code="9">1651</subfield>
  </datafield>
  <datafield tag="952" ind1=" " ind2=" ">
    <subfield code="0">0</subfield>
    <subfield code="1">0</subfield>
    <subfield code="5">0</subfield>
    <subfield code="7">1</subfield>
    <subfield code="8">RV</subfield>
    <subfield code="a">PD</subfield>
    <subfield code="b">PD</subfield>
    <subfield code="c">HD</subfield>
    <subfield code="d">2010-03-19</subfield>
    <subfield code="i">LF1</subfield>
    <subfield code="l">0</subfield>
    <subfield code="o">917.293 F7279</subfield>
    <subfield code="p">17181-10</subfield>
    <subfield code="r">2020-06-25</subfield>
    <subfield code="w">2020-06-25</subfield>
    <subfield code="y">1</subfield>
    <subfield code="z">Perteneci&#xF3; a la biblioteca personal de Julio Ortega Frier y Rafael Andr&#xE9;s Ortega.</subfield>
    <subfield code="Z">No se presta</subfield>
  </datafield>
  <datafield tag="999" ind1=" " ind2=" ">
    <subfield code="c">16707</subfield>
    <subfield code="d">16707</subfield>
  </datafield>
</record>
